Most streamed songs : Shakira - Statistics

General Stats
  • This quiz has been taken 113 times
    40 since last reset
  • The average score is 6 of 10
Answer Stats
Streams Song % Correct
2 023 500 000 Hips Don't Lie (feat. Wyclef Jean)
94%
935 000 000 Waka Waka (This Time for Africa) [feat. Freshlyground]
94%
719 000 000 Whenever, Wherever
80%
1 153 000 000 Chantaje (feat. Maluma)
57%
1 068 000 000 Shakira: Bzrp Music Sessions, Vol. 53 (with Bizarrap)
51%
628 500 000 Can't Remember To Forget You (feat. Rihanna)
46%
584 000 000 La Tortura (feat. Alejandro Sanz)
43%
783 500 000 La Bicicleta (with Carlos Vives)
40%
1 267 000 000 TQG (with KAROL G)
40%
783 500 000 Te Felicito (with Rauw Alejandro)
26%
No matching quizzes found
Score Distribution
Percent of People with Each Score
Percentile by Number Answered
Your Score History
You have not taken this quiz since the last reset